000
00218 a2200097 4500
001
50988
100
_a
Keyser Samuel
245
_a
Beginning English Grammar
260
_a
New York
_b
Harper &
_c
090
_c
32288
_d
32288
942
_a
NUST-CAE
_c
M
_c
24767
999
_c
286061
_d
286061